000
00301nam a22001337a 4500
008
170725b xxu||||| |||| 00| 0 eng d
020
_a
9780619063092
041
_a
eng
080
_2
2ND
_a
004
100
_a
29
101
_a
SHK
245
_a
SYSTEMS ANALYSIS AND DESIGN
_c
SATZINGER
942
_2
udc
_c
BK
999
_c
21850
_d
21850